000
00342nam a2200133Ia 4500
003
PILC
008
220421s2007 xx 000 0 und d
040
_c
EARIST LIBRARY
100
_a
Zennaida M. Mendoza
_9
963
245
0
_a
Pag basa at Pag sukat /
260
_a
Manila Philippines:Rex Bookstore,
_c
2007.
999
_c
2337
_d
2337
942
_2
ddc
_c
BK